World movies and series - Statistics

General Stats
  • This quiz has been taken 33 times
  • The average score is 12 of 20
Answer Stats
Picture Answer % Correct
Home Alone
95%
Rocky
95%
Titanic
95%
Friends
90%
Oppenheimer
90%
Avatar
85%
Black Panther
80%
Terminator
75%
Dexter
70%
Prison Break
70%
Shawshank Redemption
60%
The Green Mile
60%
Pulp Fiction
50%
Cobra Kai
45%
Stranger Things
45%
Twilight saga
30%
Beverlyhills 90210
15%
Fast and fourious
5%
Man with an iron mask
5%
Paper House
5%
No matching quizzes found
Score Distribution
Percent of People with Each Score
Percentile by Number Answered
Your Score History
You have not taken this quiz